00956nam a22001937a 4500001000500000005001700005020001800022040003600040050001200076082001000088100002000098245007700118260004200195300002300237520044500260650002100705650001900726650001700745321920240220133200.0 a9781853264764 aFISKHbengcFISKHdFISKHeFISKH aQH11.D2 a508.8 aDarwin Charles  aDarwin the voyage of the beagle cWith an introduction by David Amigoni  aHertfordshire : bWordsworth. c1997  a480 pages :c21 cm aVoyage of the Beagle chronicles Charles Darwin's five years as a naturalist on board the H.M.S. Beagle. The notes and observations that he recorded in his diary included Chile, Argentina and Galapagos Islands and encompasses the ecology, geology and anthropology of the places he visits. A fascinating travel memoir the ideas that were later to evolve into Darwin's theory of natural selection find their naissance in Voyage of the Beagle . 2natural history  anaval history  aexploration